[Event "Lisbon Cup 26th"]
[Site "Lisbon"]
[Date "2015.03.01"]
[Round "3"]
[White "Carneiro, Carlos Alberto Carv"]
[Black "Morais, Vitor Mestre"]
[Result "1-0"]
[WhiteElo "2232"]
[BlackElo "1949"]
[PlyCount "48"]
[EventDate "2015.01.18"]
[EventType "swiss"]
[EventRounds "7"]
[EventCountry "POR"]
[SourceTitle "EXT 2017"]
[Source "ChessBase"]
[SourceDate "2016.10.25"]
[SourceVersion "1"]
[SourceVersionDate "2016.10.25"]
[SourceQuality "1"]

1. d4 Nf6 2. c4 e5 3. dxe5 Ng4 4. e4 d6 5. Be2 Nxe5 6. Nc3 g6 7. f4 Nec6 8. Nf3 Bg7 9. 0-0 0-0 10. Be3 f5 11. c5 fxe4 12. Bc4+ Kh8 13. Ng5 Qe7 14. Nd5 Qd8 15. cxd6 cxd6 16. f5 Ne5 17. fxg6 Rxf1+ 18. Qxf1 h6 19. Nf7+ Nxf7 20. Qxf7 Nd7 21. Bxh6 Qf8 22. Rf1 Qxf7 23. Rxf7 Ne5 24. Bxg7+ Kg8 1-0